[Event "Montigny le Bretonneux Noel op 20th"]
[Site "Montigny le Bretonneux"]
[Date "2019.12.29"]
[Round "5"]
[White "Saint Leger, Stephane"]
[Black "Sondermeijer, Antoine"]
[Result "0-1"]
[WhiteElo "1610"]
[BlackElo "1482"]
[PlyCount "82"]
[EventDate "2019.12.27"]
[EventType "swiss"]
[EventRounds "7"]
[EventCountry "FRA"]
[SourceTitle "CBM 194 Extra"]
[Source "ChessBase"]
[SourceDate "2020.03.31"]
[SourceVersion "1"]
[SourceVersionDate "2020.03.31"]
[SourceQuality "1"]

1. d4 Nf6 2. Nf3 d5 3. g3 Bf5 4. Bg2 e6 5. 0-0 Nbd7 6. c4 c6 7. Nc3 Be7 8. Qb3 Qb6 9. c5 Qa6 10. Qa4 Qxa4 11. Nxa4 0-0 12. b4 a5 13. a3 axb4 14. axb4 Bc2 15. Bf4 Rxa4 16. Rxa4 Bxa4 17. Ra1 b5 18. Nd2 Nb8 19. Ra2 Na6 20. Rb2 Nh5 21. Be3 g5 22. Nf3 f6 23. h3 Ng7 24. Nh2 e5 25. f3 Nf5 26. Bf2 Nxd4 27. Bxd4 exd4 28. Ng4 Kg7 29. Kf1 Kg6 30. Ke1 h5 31. Nf2 f5 32. g4 Bf6 33. Nd3 Nc7 34. Kf2 fxg4 35. fxg4 hxg4 36. Kg3 Re8 37. Kxg4 Re3 38. Bf3 Ne6 39. Kg3 Bd1 40. Kf2 Nf4 41. Ke1 Nxd3+ 0-1

[Event "Montigny le Bretonneux Noel op 19th"]
[Site "Montigny le Bretonneux"]
[Date "2018.12.29"]
[Round "6"]
[White "Klein, Djimmy"]
[Black "Saint Leger, Stephane"]
[Result "0-1"]
[WhiteElo "1524"]
[BlackElo "1399"]
[PlyCount "106"]
[EventDate "2018.12.26"]
[EventType "swiss"]
[EventRounds "7"]
[EventCountry "FRA"]
[SourceTitle "CBM 188 Extra"]
[Source "ChessBase"]
[SourceDate "2019.02.26"]
[SourceVersion "1"]
[SourceVersionDate "2019.02.26"]
[SourceQuality "1"]

1. d4 e6 2. c4 b6 3. Nf3 Bb7 4. g3 f5 5. Bg2 Nf6 6. 0-0 Be7 7. Nc3 0-0 8. d5 Na6 9. a3 Nc5 10. b4 Nce4 11. Nxe4 Nxe4 12. Bb2 Bf6 13. Ne5 exd5 14. cxd5 Qe8 15. Nc4 Bxb2 16. Nxb2 Qe5 17. Nc4 Qxd5 18. Qb3 b5 19. Rfd1 Qxc4 20. Qxc4+ bxc4 21. Rxd7 Rf7 22. Rad1 Bc6 23. R7d4 Bb5 24. Bxe4 fxe4 25. Rxe4 Re8 26. Rxe8+ Bxe8 27. f4 Rd7 28. Rc1 Bf7 29. Rc3 g6 30. h3 h5 31. Kf2 Kg7 32. g4 h4 33. e4 Kf6 34. g5+ Ke7 35. f5 gxf5 36. exf5 Rd5 37. Rf3 Kd6 38. g6 Bxg6 39. fxg6 Rg5 40. Rf6+ Kd5 41. Rf4 Rxg6 42. Rxh4 Re6 43. Rg4 c3 44. h4 c2 45. Rg1 Kc4 46. h5 Kc3 47. Rg7 Kb2 48. Rxc7 c1Q 49. Rxc1 Kxc1 50. a4 Rh6 51. b5 Rxh5 52. Ke3 Rc5 53. Kf3 Kc2 0-1

[Event "Montigny le Bretonneux Noel op 19th"]
[Site "Montigny le Bretonneux"]
[Date "2018.12.29"]
[Round "5"]
[White "Suinot, Laurent"]
[Black "Saint Leger, Stephane"]
[Result "1-0"]
[WhiteElo "1712"]
[BlackElo "1399"]
[PlyCount "51"]
[EventDate "2018.12.26"]
[EventType "swiss"]
[EventRounds "7"]
[EventCountry "FRA"]
[SourceTitle "CBM 188 Extra"]
[Source "ChessBase"]
[SourceDate "2019.02.26"]
[SourceVersion "1"]
[SourceVersionDate "2019.02.26"]
[SourceQuality "1"]

1. Nf3 g6 2. c4 f5 3. d4 Nf6 4. Nc3 Bg7 5. Bg5 h6 6. Bc1 d6 7. e3 0-0 8. Bd3 Nc6 9. d5 Ne5 10. Nxe5 dxe5 11. e4 f4 12. Bd2 e6 13. 0-0 exd5 14. cxd5 g5 15. f3 h5 16. Rc1 a6 17. Na4 Rf7 18. Qb3 Bf8 19. Rc2 g4 20. Be2 Bd6 21. Nc5 Bxc5+ 22. Rxc5 c6 23. Ba5 Qe8 24. dxc6 bxc6 25. Bc4 Bb7 26. Qxb7 1-0

[Event "Montigny le Bretonneux Noel op 19th"]
[Site "Montigny le Bretonneux"]
[Date "2018.12.28"]
[Round "4"]
[White "Saint Leger, Stephane"]
[Black "Privat, Jean Claude"]
[Result "1/2-1/2"]
[WhiteElo "1399"]
[BlackElo "1602"]
[PlyCount "34"]
[EventDate "2018.12.26"]
[EventType "swiss"]
[EventRounds "7"]
[EventCountry "FRA"]
[SourceTitle "CBM 188 Extra"]
[Source "ChessBase"]
[SourceDate "2019.02.26"]
[SourceVersion "1"]
[SourceVersionDate "2019.02.26"]
[SourceQuality "1"]

1. b3 d5 2. Bb2 e6 3. Nf3 Nf6 4. e3 Nbd7 5. c4 c6 6. Be2 Bd6 7. d4 0-0 8. Nbd2 Qe7 9. 0-0 e5 10. dxe5 Nxe5 11. cxd5 Nxd5 12. Nxe5 Bxe5 13. Bxe5 Qxe5 14. Nf3 Qe7 15. Qd2 Bf5 16. Rfd1 Rad8 17. Qb2 Nf6 1/2-1/2